000
00291nam a2200097Ia 4500
008
240331s9999 xx 000 0 und d
082
_a
301
_b
GID
100
_a
Giddens, A
245
0
_a
Politics, sociology and social theory :
_b
encounters with classical and contemporary social thought
942
_c
L
999
_c
1010
_d
1010